000 00749nam a2200205Ia 4500
008 110201s9999 xx 000 0 und d
082 _bB8961
_aK 2545
100 _aइयान फ्लेमिंग
100 _aठाकूर अजित
245 _aद स्पाय हू लव्हड मी
260 _bमेहता पब्लिशिंग हाऊस
365 _b110
600 _aइयान फ्लेमिंग
600 _aठाकूर अजित
630 _aद स्पाय हू लव्हड मी
700 _aइयान फ्लेमिंग
700 _aठाकूर अजित
730 _aद स्पाय हू लव्हड मी
942 _cBOOK
999 _c834419
_d834416